| 000 | 00386nam a2200145 i 4500 | ||
|---|---|---|---|
| 001 | bg | ||
| 100 | 1 | _aPiprek, Jan. | |
| 245 | 0 |
_aWielki słownik polsko-niemiecki. _nT. 2, _pA-Ó / _cJan Piprek, Juliusz Ippoldt. |
|
| 260 |
_aWarszawa, _c1979. |
||
| 700 | 1 |
_aIppoldt, Juliusz _d(1867-1960). |
|
| 040 | _cBPK | ||
| 041 | _apol | ||
| 942 | _cKS | ||
| 008 | s pl f |000 0 pol | ||
| 999 |
_c35255 _d35255 |
||
| 856 |
_uhttp://koha.tu.koszalin.pl/cgi-bin/koha/opac-detail.pl?biblionumber=35255 _yKatalog online BPK |
||